| 000 | 00721cam a2200193 4500 | ||
|---|---|---|---|
| 001 | WB3610-03 | ||
| 008 | 000000n2000 000 0 eng u | ||
| 035 | _a(Sirsi) u104568 | ||
| 245 | _aIndustry tax scheme | ||
| 260 | _c2000 | ||
| 490 |
_aContract Journal _v402(6266) 1 March 2000, 1(1) |
||
| 520 | _aInland Revenue has admitted that the Construction Industry Scheme contains 'serious flaws'. The admission follows months of campaigning by the Construction Confederation over the escalating costs of complying with the scheme. | ||
| 590 | _aWB | ||
| 650 | _aCONSTRUCTION INDUSTRY SCHEME | ||
| 650 | _aCONSTRUCTION CONFEDERATION | ||
| 650 | _aCONSTRUCTION INDUSTRY | ||
| 690 | _aBUILT ENVIRONMENT | ||
| 942 | _n0 | ||
| 999 |
_c62752 _d62752 |
||